00914nam a2200241Ia 4500001000600000003000900006008004100015040001300056040001300069041001300082100002000095100002900115245009000144245003500234250001100269260001000280260000900290260004900299300005900348500021900407650001500626650003100641E2495IT-RoPAU130308s9999 xx 000 0 und d aIT-RoPAU cIT-RoPAU aFRANCESE aBustaret Claire gCodice Aut. SPICS: 37538 aGrand tour photographique au moyen orient (Le): 1850-1880, de l'utopie au stereotype  bImage Dans le monde Arabe (L') a1a ed. aPARIS bCNRS c1995 [1° Ed.:1995 - Ed.Ling.Originale:1990] a"17 p. (prefazione: no ; testo: 17 [pagine: 257-273])" aGrande Giro fotografico nel Medio Oriente: 1850 1880 Dall'Utopia Allo Stereotipo. utopia Panoramica. Dal programma iconografico All'Esperienza Visiva. Genesi fotografiche del Paesaggio. Diffusione Dello Stereotipo. aSEGNOLOGIA eCodice materia Spics: 3001